00724nam a2200205Ia 4500003000900000008004100009020001800050040001600068080001800084110001600102245012200118260002800240300001500268650003600283650001900319650003600338942000700374999001500381952012200396IN-BaIIA211028s9999 xx 000 0 eng d a0-8174-3206-X cIIA Library a031:77bEKC-6 aKodak92452 0aEncyclopedia of Practical Photographybvol. 6, Edit-FlocEastman Kodak Company  aNew YorkbAmphotoc1978 a929-1112p. aEncyclopedia-Photography910841 aNASA Thesaurus aPhotography-Encyclopedia910842 cBK c6319d6319 00104070aBANbKODcGENd1979-09-24g832.00l0o031:77/ EKC-6p7040r2021-11-05v832.00w1979-09-24yBKGRs. 832.00